书目信息 |
| 书名: | The first relationship | |
| 作者: | Daniel N. Stern. | |
| 分册号: | ||
| 分册名: | 出版地: | Cambridge, Mass. : |
|
| 出版社: | Harvard University Press | |
| 出版时间: | c1977. | |
| 页数: | 178 p. ; | |
| 开本: | 22 cm. | |
| 丛书名: | ||
| 中图分类号: | ||
| 科图分类号: | ||
| 其他分类号: | B844.11 | |
| 主题词: | ||
| 电子资源: | ||
| 000 | 01213nam 2200301 a 4500 | |
| 001 | E0760100144 | |
| 004 | 001215567 | |
| 005 | 20070519091839.20 | |
| 008 | 001 0 eng | |
| 008 | 4001uueng0000000 | |
| 010 | @a2001051917 | |
| 020 | @a0674007832 (alk. paper). | |
| 020 | @a0674013883. | |
| 040 | @aDLC @cDLC @dDLC @dCcBjTSG | |
| 042 | @apcc | |
| 050 | 00 | @aBF720.M68 @bS74 2002 |
| 082 | 00 | @a155.42/218 @221 |
| 090 | @aB844.11 @bS839 | |
| 096 | @aB844.11 | |
| 099 | @dB844.11@ex195 | |
| 100 | 1 | @aStern, Daniel N. |
| 245 | 14 | @aThe first relationship :@binfant and mother / @cDaniel N. Stern. |
| 260 | @aCambridge, Mass. :@bHarvard University Press,@cc1977. | |
| 300 | @a178 p. ;@c22 cm. | |
| 500 | @aOriginally published: Cambridge : Harvard University Press, 1977. With new introd. | |
| 504 | @aIncludes bibliographical references (p. 163-169) and index. | |
| 650 | 0 | @aMother and infant. @b01 @c20050829 @lNLC09 @h1829 @b01 @c20050902 @lNLC09 @h1617 @b01 @c20050902 @lNLC09 @h1618 @b02 @c20051102 @lNLC09 @h1651 @b40 @c20051130 @lNLC09 @h1646 @b40 @c20051130 @lNLC09 @h1646 @b40 @c20060125 @lNLC09 @h1022 @b40 @c20060125 @lNLC09 @h1023 |
| 852 | 91 | @bWWDY @k2-2005 @hB844.11 @iS839 |
| The first relationship : : infant and mother / / Daniel N. Stern.-Cambridge, Mass. : : Harvard University Press, , c1977. |
| 178 p. ; ; 22 cm. |
| Originally published: Cambridge : Harvard University Press, 1977. With new introd.-Includes bibliographical references (p. 163-169) and index. |
| ISBN 0674007832 (alk. paper). |
| ● |
| 相关链接 |
|
|
|
|
正题名:first relationship
索取号:B844.11/x195
 
预约/预借
| 序号 | 登录号 | 条形码 | 馆藏地/架位号 | 状态 | 备注 |
| 1 | 10633 | 300106338 | 第四借阅区/ [索取号:B844.11/x195] | 在馆 | |
| 2 | 10634 | 300106347 | 第四借阅区/ [索取号:B844.11/x195] | 在馆 | |
| 3 | 9432 | 300094323 | 第二样本阅览室/ [索取号:B844.11/x195] | 在馆 | |
| 4 | 9433 | 300094332 | 第四借阅区/ [索取号:B844.11/x195] | 在馆 | |
| 5 | 9434 | 300094341 | 第四借阅区/ [索取号:B844.11/x195] | 在馆 |